|
|
|
|
| LEADER |
01261nam a22003374a 4500 |
| 001 |
29089 |
| 003 |
BD-DhAAL |
| 005 |
20241222171449.0 |
| 008 |
150831s2007 maua 001 0 eng |
| 010 |
|
|
|a 2005018776
|
| 020 |
|
|
|a 9780073274294
|
| 020 |
|
|
|a 0073274291
|
| 040 |
|
|
|a DLC
|c DLC
|d DLC
|d BD-DhAAL
|
| 050 |
0 |
0 |
|a QD253.2
|b .D46 2007
|
| 082 |
0 |
0 |
|a 547
|2 22
|
| 100 |
1 |
|
|a Denniston, K. J.
|q (Katherine J.)
|9 14319
|
| 245 |
1 |
0 |
|a Organic biochemistry /
|c Katherine J. Denniston, Joseph J. Topping, Robert L. Caret.
|
| 250 |
|
|
|a Fifth edition.
|
| 260 |
|
|
|a Boston :
|b McGraw-Hill Higher Education,
|c c2007.
|
| 300 |
|
|
|a xxv, 801 pages :
|b illustrations (some colors) ;
|c 28 cm
|
| 500 |
|
|
|a Includes index.
|
| 541 |
|
|
|e 29089
|
| 650 |
|
0 |
|a Chemistry, Organic
|v Textbooks.
|9 14320
|
| 650 |
|
0 |
|a Biochemistry
|v Textbooks.
|9 14321
|
| 650 |
|
0 |
|a Pharmacy.
|9 44228
|
| 700 |
1 |
|
|a Topping, Joseph J.
|9 14322
|
| 700 |
1 |
|
|a Caret, Robert L.,
|d 1947-
|9 14323
|
| 852 |
|
|
|a Ayesha Abed Library
|c General Stacks
|
| 942 |
|
|
|2 ddc
|c BK
|0 1
|
| 999 |
|
|
|c 35399
|d 35399
|
| 952 |
|
|
|0 0
|1 0
|2 ddc
|4 0
|6 547_000000000000000_DEN
|7 0
|9 55664
|a BRACUL
|b BRACUL
|c GEN
|d 2015-08-31
|e Professor Zia Uddin of BRAC University
|l 8
|m 96
|o 547 DEN
|p 3010029089
|q 2026-06-02
|r 2025-11-20
|s 2025-11-20
|t 1
|w 2015-08-31
|y BK
|